Normal view
MARC view
Entry Personal Name
001 - CONTROL NUMBER
- control field: 69014
003 - CONTROL NUMBER IDENTIFIER
- control field: dpl
005 - DATE AND TIME OF LATEST TRANSACTION
- control field: 20240729115316.0
008 - FIXED-LENGTH DATA ELEMENTS
- fixed length control field: 240729|| aca||aabn | a|a d
040 ## - CATALOGING SOURCE
- Original cataloging agency: dpl
- Transcribing agency: dpl
100 ## - HEADING--PERSONAL NAME
- Personal name: मेवाती, माजिद
670 ## - SOURCE DATA FOUND
- Source citation: Work cat.: (dpl)204209: मेवाती, माजिद, हिन्दी शिक्षण : विविध आयाम/, 2021
